00745nam a2200217Ia 4500003000900000008004100009040001600050080001600066100002200082245011800104260003100222300001400253650002100267650003000288650003300318650002700351650002400378942000700402999001700409952010100426IN-BaIIA211028s9999 xx 000 0 eng d cIIA Library a34(09)bJOI aJois, M.R.920318 0aLegal and constitutional history of Indiabvol. II, modern legal, judicial and constitutional system.cM. R. Jois aBombaybN.M.Tripathic1984 axx, 388p. aCivil Law920319 aConstitutional Law920320 aConstitutional System920321 aJudicial System920322 aLegal System920323 cBK c11731d11731 00104070aBANbBANcGENd1996-05-24eEDS l0o34(09)/ JOIp12646r2021-11-05w1996-05-24yBK